000 00577cam a2200205 4500500
005 20260405001405.0
041 _afre
042 _adc
100 1 0 _aKlein, Étienne
_eauthor
245 0 0 _aPhysique et mental
260 _c2012.
500 _a16
690 _aCorps
690 _aEsprit
690 _aÉtienne Klein
690 _aMontagne
690 _aUltra-Trail
786 0 _nPhilosophie magazine | 65 | 12 | 2012-12-01 | p. 16-16 | 1951-1787
856 4 1 _uhttps://shs.cairn.info/magazine-philosophie-magazine-2012-12-page-16?lang=fr&redirect-ssocas=7080
999 _c2047143
_d2047143